000 02361cam a2200421 i 4500
001 GVRL65R4
003 MiFhGG
005 20250819155648.0
006 m o d
007 cr un ---uuuua
008 180309t20192019caua ob 001 0 eng d
020 _a9781506379258
_q(electronic book)
020 _z9781506379241
_q(paperback : alk. paper)
035 _a(OCoLC)1231723856
040 _aMiFhGG
_beng
_cMiFhGG
_erda
_epn
050 4 _aHV11
_b.L265 2019
100 1 _aLarkin, Shelagh J.,
_eauthor.
245 1 2 _aA field guide for social workers :
_bapplying your generalist training /
_cShelagh J. Larkin, Xavier University.
250 _aFirst edition.
264 1 _aThousand Oaks :
_bSAGE Publications,
_c[2019]
264 4 _c©2019
300 _a1 online resource (xvi, 234 pages) :
_billustrations
336 _atext
_btxt
_2rdacontent
337 _acomputer
_bc
_2rdamedia
338 _aonline resource
_bcr
_2rdacarrier
490 0 _aGale eBooks
504 _aIncludes bibliographical references and index.
505 0 _aIntroduction -- Field education: a generalist approach -- The organization : orientation and training -- The plan and pace of learning in field -- Safety in field -- Field supervision -- Effective communication skills for field -- Ethical practice in field -- Diversity and social, economic, and environmental justice in field -- Critical thinking in field -- The planned change process in field -- Professional development of self in field -- Endings in field education.
520 _aThis book provides the necessary tools to develop and demonstrate core competencies set forth by the Council on Social Work Education (CSWE) using a generalist field education approach grounded in generalist practice literature. Integrative activities and reflection questions directly apply generalist training to field experience.
588 _aDescription based on print version record.
650 0 _aSocial service
_xFieldwork.
650 0 _aSocial work education
_zUnited States.
710 2 _aGale (Firm)
776 0 8 _iPrint version:
_tField guide for social workers.
_dThousand Oaks : SAGE Publications, [2019]
_z9781506379241
_w(DLC) 2018009060
856 4 0 _uhttps://link.gale.com/apps/pub/65R4/GVRL?sid=gale_marc&u=phurs
_zAvailable via Gale eBooks. Click here to access
912 _a65R4
942 _2lcc
_cE-BOOK
999 _c84180
_d84178